Filipino Diaspora - Statistics

General Stats
  • This quiz has been taken 183 times
  • The average score is 14 of 20
Answer Stats
Population Answer % Correct
662,600 Canada
96%
304,015 Australia
93%
112,000 United Kingdom
92%
3,898,739 United States of America
92%
209,373 Japan
91%
63,464 South Korea
86%
679,819 United Arab Emirates
81%
1,020,000 Saudi Arabia
80%
115,362 Spain
80%
20,589 Germany
76%
325,089 Malaysia
76%
128,060 Italy
74%
40,347 New Zealand
74%
108,520 Taiwan
71%
195,558 Qatar
70%
139,802 Kuwait
57%
31,000 Israel
45%
16,719 The Netherlands
34%
130,810 Hong Kong
32%
25,000 Papua New Guinea
8%
No matching quizzes found
Score Distribution
Percent of People with Each Score
Percentile by Number Answered
Your Score History
You have not taken this quiz